Polacy w Serie A - Statystyki

Ogólne statystyki
  • Ten quiz został rozwiązany 66 razy
  • Średni wynik to 8 z 15
Answers on the Grid
Answers color-coded by a green-red scale on the quiz's grid according to % correct below.
Paweł Wszołek
Bartosz Kapustka
Artur Boruc
Kamil Wilczek
Artur Sobiech
Kamil Jóźwiak
Władysław Żmuda
Grzegorz Krychowiak
Zbigniew Boniek
Slawomir Majak
Przemysław Tytoń
Tomasz Kłos
Nicola Zalewski
Bartłomiej Drągowski
Karol Świderski
Mateusz Klich
Rafał Wolski
Jan Bednarek
Kamil Kosowski
Adam Buksa
Dawid Kownacki
Krzysztof Piątek
Tomasz Kuszczak
Wojciech Kowalczyk
Łukasz Skorupski
Radosław Matusiak
Euzebiusz Smolarek
Cezary Kucharski
Roman Kosecki
Piotr Swierczewski
 
Statystyki odpowiedzi
Odpowiedź % Poprawnych
Nicola Zalewski
84%
Zbigniew Boniek
80%
Krzysztof Piątek
78%
Bartłomiej Drągowski
74%
Adam Buksa
72%
Łukasz Skorupski
68%
Artur Boruc
66%
Paweł Wszołek
56%
Karol Świderski
52%
Rafał Wolski
52%
Dawid Kownacki
50%
Kamil Wilczek
28%
Radosław Matusiak
26%
Władysław Żmuda
22%
Kamil Kosowski
18%
Nie znaleziono quizów pasujących do podanych kryteriów
Rozkład punktacji
Procent ludzi z każdym wynikiem
Percentyl według liczby udzielonych odpowiedzi
Twoja historia wyników
Nie rozwiązałeś tego quizu